000 00568nam a2200205Ia 4500
005 20250326141141.0
008 250326s9999 xx 000 0 und d
020 _a0-395-79005-0
037 _aTextbook
040 _aFMSL
_beng
_cFMSL
041 _aeng
_2eng
084 _aX:51 N4;N7
_qFMSL
100 _aDibb Sally
_9743838
245 0 _aMarketing concepts and strategies
_cDibb Sally And Others
250 _a3
260 _aBoston
_bBoston, Houghton Mifflin
_c1997
300 _axxi,842
942 _cTB
_hX:51 N4;N7
999 _c1288938
_d1288938